Los historiadores del arte críticos / (Record no. 66411)

MARC details
000 -LEADER
campo de control de longitud fija 00818nam a2200253 i 4500
001 - NÚMERO DE CONTROL
campo de control 66411
003 - IDENTIFICADOR DE NÚMERO DE CONTROL
campo de control ES-MaACL
005 - FECHA Y HORA DE LA ÚLTIMA TRANSACCIÓN
campo de control 20250815132630.0
007 - CAMPO FIJO DE DESCRIPCIÓN FÍSICA--INFORMACIÓN GENERAL
campo de control de longitud fija t|
008 - DATOS DE LONGITUD FIJA--INFORMACIÓN GENERAL
campo de control de longitud fija 040213s2001 sp ||||1| spa d
020 ## - NÚMERO INTERNACIONAL ESTÁNDAR DEL LIBRO
Número Internacional Estándar del Libro 84-7774-615-X
080 ## - NÚMERO DE LA CLASIFICACIÓN DECIMAL UNIVERSAL
Número de la Clasificación Decimal Universal 7.072.2/.3
100 1# - ENTRADA PRINCIPAL--NOMBRE DE PERSONA
Nombre de persona Podro, Michael.
9 (RLIN) 92714
245 14 - MENCIÓN DEL TÍTULO
Título Los historiadores del arte críticos /
Mención de responsabilidad, etc. Michael Podro ; [traducción de Rafael Guardiola].
260 ## - PUBLICACIÓN, DISTRIBUCIÓN, ETC.
Lugar de publicación, distribución, etc. Madrid :
Nombre del editor, distribuidor, etc. Antonio Machado,
Fecha de publicación, distribución, etc. D.L. 2001.
300 ## - DESCRIPCIÓN FÍSICA
Extensión 301 p. :
Otras características físicas il. ;
Dimensiones 22 cm.
490 1# - MENCIÓN DE SERIE
Mención de serie La balsa de la medusa ;
Designación de volumen o secuencia 115
504 ## - NOTA DE BIBLIOGRAFÍA, ETC.
Nota de bibliografía, etc. Bibliografía p.291-295. Indice.
650 #7 - PUNTO DE ACCESO ADICIONAL DE MATERIA--TÉRMINO DE MATERIA
Término de materia o nombre geográfico como elemento de entrada Crítica artística
Fuente del encabezamiento o término embne
9 (RLIN) 16003
700 1# - ENTRADA AGREGADA--NOMBRE PERSONAL
Nombre de persona Guardiola, Rafael.
9 (RLIN) 60325
830 03 - PUNTO DE ACCESO ADICIONAL DE SERIE-TÍTULO UNIFORME
Título uniforme La balsa de la Medusa
Designación de volumen o secuencia 115
9 (RLIN) 178610
852 ## - LOCALIZACIÓN
Ubicación ES-MaACL
Número de control de estantería L-26815
Sublocalización o colección R.132398
Holdings
Estatus retirado Estado de pérdida Estado de daño No para préstamo Biblioteca de origen Biblioteca actual Ubicación en estantería Fecha de adquisición Fuente de adquisición Total de préstamos Signatura topográfica completa Código de barras Visto por última vez Precio de reemplazo Tipo de ítem Koha
        Biblioteca del Ateneo de Madrid Biblioteca del Ateneo de Madrid Depósito 2 17/01/2008     L-26815 1069573 23/02/2023 23/02/2023 Libro impreso